ბათუმის შოთა რუსთაველის სახელმწიფო უნივერსიტეტის ბიბლიოთეკა

რაციონალურობის კლასიკური და არაკლასიკური იდეალები / (ბიბ.ჩანაწერი № 58561)

000 -ლიდერი
ფიქსირებული სიგრძის საკონტროლო ველი 01642nam a22002537a 4500
003 - საკონტროლო ნომრის იდენტიფიკატორი
საკონტროლო ველი Ge_BSU
005 - ბოლო ოპერაციის თარიღი და დრო
საკონტროლო ველი 20220603114959.0
008 - ფიქსირებული სიგრძის მონაცემთა ელემენტები - ზოგადი ინფორმაცია
ფიქსირებული სიგრძის საკონტროლო ველი 220603s2021 ge ||||| |||| 00| 0 geo d
020 ## - წიგნის საერთაშორისო სტანდარტული ნომერი
International Standard Book Number 9789941833489
041 ## - ენის კოდი
Language code of text/sound track or separate title geo
080 ## - უნივერსალური ათობითი კლასიფიკაციის ინდექსი
Universal Decimal Classification number 141.13 მ-23
100 ## - მთავარი ჩანაწერი - პიროვნების სახელი
Personal name მამარდაშვილი, მერაბ
9 (RLIN) 13946
245 ## - ცნობა სათაურის შესახებ
Title რაციონალურობის კლასიკური და არაკლასიკური იდეალები /
Statement of responsibility, etc მერაბ მამარდაშვილი ; მთარგმნელი დიმიტრი უჩანეიშვილი ; რედაქტორი ბაქარ როსტიაშვილი.
264 ## - წარმოების, გამოცემის, დისტრიბუციის და სხვა ცნობები
გამოცემის, წარმოების, დისტრიბუციის... ადგილი თბილისი :
გამოცემის, წარმოების, დისტრიბუციის... სახელწოდება აქტი ,
გამოცემის, წარმოების, დისტრიბუციის... თარიღი 2021.
300 ## - ფიზიკური აღწერა
Extent 310 გვ. ;
Other physical details 21 სმ.
500 ## - ზოგადი შენიშვნა
General note წიგნში აგრეთვე: ორი სტატია, დაწერილი მერაბ მამარდაშვილის მიერ ე. სოლოვიოვთან და ვ. შვირიოვთან ერთად.
501 ## - შენიშვნა თანმხლებ მასალაზე
With note წიგნი გამოიცა მწერალთა სახლის მხარდაჭერით.
653 ## - INDEX TERM--UNCONTROLLED
Uncontrolled term იდეალიზმი.
653 ## - INDEX TERM--UNCONTROLLED
Uncontrolled term რაციონალიზმი.
700 ## - ADDED ENTRY--PERSONAL NAME
Personal name უჩანეიშვილი, დიმიტრი
Relator term მთარგმნელი
9 (RLIN) 13895
700 ## - ADDED ENTRY--PERSONAL NAME
Personal name როსტიაშვილი, ბაქარ
Relator term რედაქტორი
9 (RLIN) 13969
700 ## - ADDED ENTRY--PERSONAL NAME
Personal name ცაცუა, გიზო
Relator term გამომცემელი
9 (RLIN) 13970
942 ## - ADDED ENTRY ELEMENTS (KOHA)
Source of classification or shelving scheme
Koha item type წიგნი
ეგზემპლარები
ჩამოწერის სტატუსი დაკარგული ეგზემპლარის სტატუსი კლასიფიკაციის წყარო ან თაროზე გაწყობის სქემა დაზიანების სტატუსი არ გაიცემა მუდმივი მდებარეობა (დაცვის ადგილი) ამჟამინდელი ადგილსამყოფელი თაროზე განთავსების ადგილი შეძენის თარიღი ღირებულება, შესყიდვის ნორმალური ფასი სრული შენახვის შიფრი შტრიხკოდი ბოლო ოპერაციის თარიღი ეგზემპლარის მიმდევრობითი ნომერი (კეტერი?) ფასის ძალაში შესვლის თარიღი ეგზემპლარის სახეობა საჯარო შენიშვნა
          ბათუმის შოთა რუსთაველის სახელმწიფო უნივერსიტეტის მთავარი ბიბლიოთეკა ბათუმის შოთა რუსთაველის სახელმწიფო უნივერსიტეტის მთავარი ბიბლიოთეკა წიგნსაცავი 2022-06-03 22.00 141.13 მ-23 62538 2022-06-03 62538 2022-06-03 წიგნი 22 ლ.
          ბათუმის შოთა რუსთაველის სახელმწიფო უნივერსიტეტის მთავარი ბიბლიოთეკა ბათუმის შოთა რუსთაველის სახელმწიფო უნივერსიტეტის მთავარი ბიბლიოთეკა წიგნსაცავი 2022-06-03 22.00 141.13 მ-23 62539 2022-06-03 62539 2022-06-03 წიგნი 22 ლ.